[Event "Balears-ch U16"]
[Site "Eivissa"]
[Date "2018.05.05"]
[Round "3.4"]
[White "Garcia Feore, Daniel James"]
[Black "Vidal Armendariz, Mikel"]
[Result "1-0"]
[WhiteElo "1409"]
[BlackElo "1327"]
[PlyCount "51"]
[EventDate "2018.05.04"]
[EventType "swiss"]
[EventRounds "5"]
[EventCountry "ESP"]
[SourceTitle "EXT 2024"]
[Source "ChessBase"]
[SourceDate "2023.10.10"]
[SourceVersion "1"]
[SourceVersionDate "2023.10.10"]
[SourceQuality "1"]

1. e4 e5 2. Nf3 Nc6 3. Bc4 Bc5 4. 0-0 Nf6 5. d3 d6 6. c3 a6 7. Bg5 h6 8. Bh4 g5 9. Bg3 Be6 10. Bb3 Nh5 11. d4 Bxb3 12. axb3 Ba7 13. Nxe5 Nxg3 14. Nxc6 bxc6 15. fxg3 Qe7 16. Kh1 0-0-0 17. Qg4+ Kb8 18. Nd2 h5 19. Qf5 Rdf8 20. Rxa6 Kb7 21. Rfa1 Ra8 22. Qa5 Bb6 23. Qa4 Qd8 24. Nc4 h4 25. Nxb6 cxb6 26. d5 1-0